[Event "Campeonato de España Rapid 2017"]
[Site "Linares"]
[Date "2017.08.13"]
[Round "4"]
[White "Korneev, Oleg"]
[Black "Llobell Cortell, Enrique"]
[Result "1/2-1/2"]
[Board "11"]
[WhiteTitle "GM"]
[WhiteElo "2577"]
[WhiteCountry "ESP"]
[WhiteFideId "4156803"]
[WhiteEloChange "-2"]
[BlackTitle "IM"]
[BlackElo "2410"]
[BlackCountry "ESP"]
[BlackFideId "2216116"]
[BlackEloChange "2"]

1. e4 {[%clk 0:15:07]} c5 {[%clk 0:14:47]} 2. Nf3 {[%clk 0:15:07]} d6 {[%clk
0:14:47]} 3. d4 {[%clk 0:15:14]} cxd4 {[%clk 0:14:56]} 4. Nxd4 {[%clk 0:15:17]}
Nf6 {[%clk 0:14:59]} 5. Nc3 {[%clk 0:15:21]} Bd7 {[%clk 0:14:24]} 6. Be3 {[%clk
0:15:17]} Ng4 {[%clk 0:13:52]} 7. Bg5 {[%clk 0:14:20]} h6 {[%clk 0:13:04]} 8. Bh4
{[%clk 0:14:23]} g5 {[%clk 0:12:58]} 9. Bg3 {[%clk 0:14:25]} Bg7 {[%clk 0:13:02]}
10. Be2 {[%clk 0:14:21]} Ne5 {[%clk 0:10:12]} 11. Nf5 {[%clk 0:13:36]} Bxf5
{[%clk 0:10:12]} 12. exf5 {[%clk 0:13:40]} Nbc6 {[%clk 0:10:08]} 13. Nd5 {[%clk
0:13:28]} O-O {[%clk 0:05:10]} 14. O-O {[%clk 0:13:17]} e6 {[%clk 0:05:10]} 15.
Ne3 {[%clk 0:13:00]} d5 {[%clk 0:05:11]} 16. c3 {[%clk 0:11:34]} Qb6 {[%clk
0:05:15]} 17. fxe6 {[%clk 0:09:09]} fxe6 {[%clk 0:05:16]} 18. Rb1 {[%clk
0:09:14]} Rad8 {[%clk 0:04:59]} 19. Qc2 {[%clk 0:07:39]} Rc8 {[%clk 0:03:33]} 20.
Rfd1 {[%clk 0:04:32]} Kh8 {[%clk 0:02:46]} 21. Ng4 {[%clk 0:02:22]} Nxg4 {[%clk
0:01:55]} 22. Bxg4 {[%clk 0:02:25]} Nd4 {[%clk 0:00:15]} 23. Qd2 {[%clk 0:01:45]}
Nf5 {[%clk 0:00:18]} 24. Bxf5 {[%clk 0:01:44]} exf5 {[%clk 0:00:20]} 25. h3
{[%clk 0:01:14]} f4 {[%clk 0:00:22]} 26. Bh2 {[%clk 0:01:18]} Rcd8 {[%clk
0:00:15]} 1/2-1/2

[Event "Campeonato de España Rapid 2017"]
[Site "Linares"]
[Date "2017.08.13"]
[Round "4"]
[White "Espinosa Aranda, Angel"]
[Black "Alonso Rosell, Alvar"]
[Result "1-0"]
[Board "12"]
[WhiteTitle "IM"]
[WhiteElo "2425"]
[WhiteCountry "ESP"]
[WhiteFideId "2278189"]
[WhiteEloChange "7"]
[BlackTitle "GM"]
[BlackElo "2560"]
[BlackCountry "ESP"]
[BlackFideId "2270544"]
[BlackEloChange "-7"]

1. Nf3 {[%clk 0:15:07]} d5 {[%clk 0:15:08]} 2. g3 {[%clk 0:15:09]} Bg4 {[%clk
0:15:07]} 3. Bg2 {[%clk 0:15:10]} Nd7 {[%clk 0:15:11]} 4. O-O {[%clk 0:15:08]}
Ngf6 {[%clk 0:15:11]} 5. d4 {[%clk 0:15:00]} c6 {[%clk 0:15:00]} 6. Nbd2 {[%clk
0:15:01]} e6 {[%clk 0:14:58]} 7. Re1 {[%clk 0:15:05]} Be7 {[%clk 0:14:48]} 8. e4
{[%clk 0:15:07]} O-O {[%clk 0:14:51]} 9. c3 {[%clk 0:14:59]} c5 {[%clk 0:14:33]}
10. exd5 {[%clk 0:14:45]} Nxd5 {[%clk 0:14:32]} 11. Nc4 {[%clk 0:14:16]} Bf6
{[%clk 0:13:24]} 12. Ne3 {[%clk 0:12:10]} Nxe3 {[%clk 0:13:04]} 13. Bxe3 {[%clk
0:12:14]} Qc7 {[%clk 0:13:01]} 14. Qb3 {[%clk 0:11:22]} Bxf3 {[%clk 0:12:05]} 15.
Bxf3 {[%clk 0:11:25]} cxd4 {[%clk 0:12:09]} 16. cxd4 {[%clk 0:11:02]} Nb6 {[%clk
0:12:12]} 17. Bf4 {[%clk 0:10:38]} Qd7 {[%clk 0:11:24]} 18. Be5 {[%clk 0:10:40]}
Be7 {[%clk 0:10:59]} 19. a4 {[%clk 0:09:58]} Nd5 {[%clk 0:08:24]} 20. Rec1 {[%clk
0:08:39]} Rac8 {[%clk 0:07:42]} 21. Qb5 {[%clk 0:08:36]} Rc6 {[%clk 0:07:37]} 22.
Rxc6 {[%clk 0:06:30]} bxc6 {[%clk 0:07:40]} 23. Qc4 {[%clk 0:06:34]} Rc8 {[%clk
0:06:06]} 24. Re1 {[%clk 0:06:25]} a5 {[%clk 0:03:57]} 25. Kg2 {[%clk 0:06:13]}
Nb4 {[%clk 0:03:54]} 26. h4 {[%clk 0:05:43]} Bd6 {[%clk 0:03:52]} 27. h5 {[%clk
0:04:59]} h6 {[%clk 0:03:55]} 28. Bxd6 {[%clk 0:03:25]} Qxd6 {[%clk 0:03:59]} 29.
Re5 {[%clk 0:03:28]} Qc7 {[%clk 0:03:28]} 30. Rc5 {[%clk 0:02:59]} Qb6 {[%clk
0:03:28]} 31. b3 {[%clk 0:02:43]} Qc7 {[%clk 0:02:20]} 32. Be4 {[%clk 0:02:33]}
Qd6 {[%clk 0:02:16]} 33. Rxa5 {[%clk 0:02:17]} Nd5 {[%clk 0:00:45]} 34. Rc5
{[%clk 0:02:19]} f5 {[%clk 0:00:19]} 35. Bf3 {[%clk 0:02:05]} f4 {[%clk 0:00:20]}
36. g4 {[%clk 0:02:08]} g6 {[%clk 0:00:10]} 37. Qd3 {[%clk 0:01:58]} Ne7 {[%clk
0:00:10]} 38. hxg6 {[%clk 0:01:53]} Rd8 {[%clk 0:00:14]} 39. Rh5 {[%clk 0:01:53]}
Qxd4 {[%clk 0:00:14]} 40. Qxd4 {[%clk 0:01:20]} Rxd4 {[%clk 0:00:18]} 41. Rxh6
{[%clk 0:01:19]} Rd3 {[%clk 0:00:14]} 42. Be4 {[%clk 0:00:37]} Rxb3 {[%clk
0:00:16]} 43. Rh7 {[%clk 0:00:41]} Rb7 {[%clk 0:00:15]} 44. a5 {[%clk 0:00:41]}
Ra7 {[%clk 0:00:17]} 45. a6 {[%clk 0:00:43]} c5 {[%clk 0:00:17]} 46. Rxe7 {[%clk
0:00:45]} Rxe7 {[%clk 0:00:19]} 47. Bb7 {[%clk 0:00:49]} c4 {[%clk 0:00:13]} 48.
a7 {[%clk 0:00:53]} Re8 {[%clk 0:00:17]} 49. a8Q {[%clk 0:00:55]} Rxa8 {[%clk
0:00:20]} 50. Bxa8 {[%clk 0:00:59]} c3 {[%clk 0:00:24]} 51. Be4 {[%clk 0:01:03]}
1-0

[Event "Campeonato de España Rapid 2017"]
[Site "Linares"]
[Date "2017.08.13"]
[Round "4"]
[White "Senlle Caride, Miguel"]
[Black "Ljubojevic, Ljubomir"]
[Result "1/2-1/2"]
[Board "14"]
[WhiteTitle "FM"]
[WhiteElo "2298"]
[WhiteCountry "ESP"]
[WhiteFideId "2282500"]
[WhiteEloChange "6"]
[BlackTitle "GM"]
[BlackElo "2524"]
[BlackCountry "SRB"]
[BlackFideId "900010"]
[BlackEloChange "-3"]

1. Nf3 {[%clk 0:15:05]} d5 {[%clk 0:15:05]} 2. g3 {[%clk 0:15:05]} c5 {[%clk
0:15:05]} 3. Bg2 {[%clk 0:15:05]} Nf6 {[%clk 0:15:05]} 4. O-O {[%clk 0:15:05]} g6
{[%clk 0:15:05]} 5. d4 {[%clk 0:15:05]} cxd4 {[%clk 0:15:05]} 6. Nxd4 {[%clk
0:15:05]} Bg7 {[%clk 0:15:05]} 7. c4 {[%clk 0:15:05]} dxc4 {[%clk 0:15:05]} 8.
Qa4+ {[%clk 0:15:05]} Nfd7 {[%clk 0:15:05]} 9. Rd1 {[%clk 0:15:05]} O-O {[%clk
0:15:05]} 10. Qxc4 {[%clk 0:15:05]} Nb6 {[%clk 0:15:05]} 11. Qd3 {[%clk 0:15:05]}
e5 {[%clk 0:15:05]} 12. Nb5 {[%clk 0:15:05]} Qxd3 {[%clk 0:15:05]} 13. Rxd3
{[%clk 0:15:05]} Nc6 {[%clk 0:15:05]} 14. N1c3 {[%clk 0:15:05]} a6 {[%clk
0:15:05]} 15. Nc7 {[%clk 0:15:05]} Rb8 {[%clk 0:15:05]} 16. Nxa6 {[%clk 0:15:05]}
Ra8 {[%clk 0:15:05]} 17. Nc7 {[%clk 0:15:05]} Ra5 {[%clk 0:15:05]} 18. N7d5
{[%clk 0:15:05]} Nc4 {[%clk 0:15:05]} 19. Ne3 {[%clk 0:15:05]} Be6 {[%clk
0:15:05]} 20. Nxc4 {[%clk 0:15:05]} Bxc4 {[%clk 0:15:05]} 21. Rd7 {[%clk
0:15:05]} Nd4 {[%clk 0:15:05]} 22. Rxb7 {[%clk 0:15:05]} Bxe2 {[%clk 0:15:05]}
23. Nxe2 {[%clk 0:15:05]} Nxe2+ {[%clk 0:15:05]} 24. Kf1 {[%clk 0:15:05]} Nxc1
{[%clk 0:15:05]} 25. Rxc1 {[%clk 0:15:05]} Rxa2 {[%clk 0:15:05]} 26. Rcc7 {[%clk
0:15:05]} e4 {[%clk 0:15:05]} 27. Bxe4 {[%clk 0:15:05]} Rxb2 {[%clk 0:15:05]} 28.
Rxb2 {[%clk 0:15:05]} Bxb2 {[%clk 0:15:05]} 1/2-1/2

[Event "Campeonato de España Rapid 2017"]
[Site "Linares"]
[Date "2017.08.13"]
[Round "4"]
[White "Garcia Molina, Francisco Miguel"]
[Black "Vila Gazquez, Xavier"]
[Result "1/2-1/2"]
[Board "16"]
[WhiteElo "2205"]
[WhiteCountry "ESP"]
[WhiteFideId "2278219"]
[WhiteEloChange "6"]
[BlackTitle "GM"]
[BlackElo "2473"]
[BlackCountry "ESP"]
[BlackFideId "2261090"]
[BlackEloChange "-3"]

1. d4 {[%clk 0:15:08]} d5 {[%clk 0:14:59]} 2. Nf3 {[%clk 0:15:11]} Nf6 {[%clk
0:15:02]} 3. e3 {[%clk 0:15:04]} Bg4 {[%clk 0:14:42]} 4. h3 {[%clk 0:14:54]} Bh5
{[%clk 0:14:43]} 5. c4 {[%clk 0:14:50]} dxc4 {[%clk 0:14:45]} 6. Bxc4 {[%clk
0:14:43]} e6 {[%clk 0:14:49]} 7. Nc3 {[%clk 0:14:29]} Nbd7 {[%clk 0:14:35]} 8.
O-O {[%clk 0:14:25]} Bb4 {[%clk 0:14:38]} 9. Be2 {[%clk 0:14:25]} O-O {[%clk
0:14:36]} 10. a3 {[%clk 0:14:28]} Bxc3 {[%clk 0:14:25]} 11. bxc3 {[%clk 0:14:32]}
c5 {[%clk 0:14:28]} 12. a4 {[%clk 0:13:58]} Qc7 {[%clk 0:14:28]} 13. a5 {[%clk
0:11:53]} Rfd8 {[%clk 0:13:54]} 14. Bb2 {[%clk 0:10:11]} Rac8 {[%clk 0:11:59]}
15. Re1 {[%clk 0:07:16]} Bg6 {[%clk 0:05:22]} 16. Qb3 {[%clk 0:05:53]} Rb8 {[%clk
0:03:56]} 17. Red1 {[%clk 0:03:49]} Rbc8 {[%clk 0:03:35]} 18. Re1 {[%clk
0:03:53]} Be4 {[%clk 0:02:32]} 19. Nd2 {[%clk 0:03:40]} Bf5 {[%clk 0:02:17]} 20.
Bf3 {[%clk 0:03:11]} Rb8 {[%clk 0:02:16]} 21. e4 {[%clk 0:03:07]} Bg6 {[%clk
0:02:19]} 22. d5 {[%clk 0:02:35]} Ne5 {[%clk 0:01:48]} 23. c4 {[%clk 0:02:35]}
Nxf3+ {[%clk 0:00:37]} 24. Qxf3 {[%clk 0:02:38]} e5 {[%clk 0:00:42]} 25. Qc3
{[%clk 0:02:20]} Nd7 {[%clk 0:00:25]} 26. Nf3 {[%clk 0:02:04]} f6 {[%clk
0:00:25]} 27. Nd2 {[%clk 0:02:00]} b5 {[%clk 0:00:29]} 28. axb6 {[%clk 0:02:00]}
Rxb6 {[%clk 0:00:33]} 29. Qa5 {[%clk 0:01:40]} Rdb8 {[%clk 0:00:09]} 30. Bc3
{[%clk 0:01:44]} a6 {[%clk 0:00:11]} 31. Kh2 {[%clk 0:01:28]} Qd6 {[%clk
0:00:08]} 32. f3 {[%clk 0:01:20]} Be8 {[%clk 0:00:09]} 33. Reb1 {[%clk 0:01:19]}
Nf8 {[%clk 0:00:10]} 34. Rxb6 {[%clk 0:01:13]} Rxb6 {[%clk 0:00:14]} 35. Rb1
{[%clk 0:01:15]} Rxb1 {[%clk 0:00:14]} 36. Nxb1 {[%clk 0:01:20]} Nd7 {[%clk
0:00:14]} 37. Nd2 {[%clk 0:01:23]} f5 {[%clk 0:00:12]} 38. Bb2 {[%clk 0:01:20]}
f4 {[%clk 0:00:12]} 39. Ba3 {[%clk 0:01:11]} Qe7 {[%clk 0:00:09]} 40. Qxa6 {[%clk
0:01:02]} Kh8 {[%clk 0:00:07]} 41. Qe6 {[%clk 0:00:50]} Qxe6 {[%clk 0:00:09]} 42.
dxe6 {[%clk 0:00:54]} Nf8 {[%clk 0:00:14]} 43. Bxc5 {[%clk 0:00:43]} Nxe6 {[%clk
0:00:17]} 44. Bd6 {[%clk 0:00:47]} Kg8 {[%clk 0:00:17]} 45. Bxe5 {[%clk 0:00:51]}
Kf7 {[%clk 0:00:12]} 46. Nb3 {[%clk 0:00:55]} g5 {[%clk 0:00:15]} 47. c5 {[%clk
0:00:55]} Ba4 {[%clk 0:00:11]} 48. c6 {[%clk 0:00:23]} Bxb3 {[%clk 0:00:08]} 49.
c7 {[%clk 0:00:27]} Nxc7 {[%clk 0:00:12]} 50. Bxc7 {[%clk 0:00:32]} Bd1 {[%clk
0:00:11]} 51. Kg1 {[%clk 0:00:34]} Ba4 {[%clk 0:00:09]} 52. Kf2 {[%clk 0:00:39]}
Bd7 {[%clk 0:00:12]} 53. Bd8 {[%clk 0:00:37]} h6 {[%clk 0:00:15]} 54. h4 {[%clk
0:00:32]} Kg6 {[%clk 0:00:16]} 55. hxg5 {[%clk 0:00:35]} hxg5 {[%clk 0:00:20]}
56. g3 {[%clk 0:00:34]} fxg3+ {[%clk 0:00:22]} 57. Kxg3 {[%clk 0:00:38]} Bc8
{[%clk 0:00:26]} 58. Kf2 {[%clk 0:00:38]} Bd7 {[%clk 0:00:30]} 59. Ke3 {[%clk
0:00:42]} Bc8 {[%clk 0:00:20]} 60. Kd4 {[%clk 0:00:47]} Ba6 {[%clk 0:00:10]} 61.
Ke5 {[%clk 0:00:22]} Be2 {[%clk 0:00:12]} 62. Bxg5 {[%clk 0:00:11]} Bxf3 {[%clk
0:00:14]} 63. Bf4 {[%clk 0:00:15]} Bxe4 {[%clk 0:00:15]} 64. Kxe4 {[%clk
0:00:15]} 1/2-1/2

[Event "Campeonato de España Rapid 2017"]
[Site "Linares"]
[Date "2017.08.13"]
[Round "4"]
[White "Ortega Ruiz, Jose Miguel"]
[Black "Perera Borrego, Maria Adela"]
[Result "1/2-1/2"]
[Board "17"]
[WhiteTitle "FM"]
[WhiteElo "2447"]
[WhiteCountry "ESP"]
[WhiteFideId "2209713"]
[WhiteEloChange "-3"]
[BlackTitle "WFM"]
[BlackElo "2167"]
[BlackCountry "ESP"]
[BlackFideId "22238255"]
[BlackEloChange "7"]

1. d4 {[%clk 0:15:05]} Nf6 {[%clk 0:15:05]} 2. c4 {[%clk 0:15:05]} e6 {[%clk
0:15:05]} 3. Nf3 {[%clk 0:15:05]} Bb4+ {[%clk 0:15:05]} 4. Bd2 {[%clk 0:15:05]}
Bxd2+ {[%clk 0:15:05]} 5. Qxd2 {[%clk 0:15:05]} d5 {[%clk 0:15:05]} 6. Nc3 {[%clk
0:15:05]} O-O {[%clk 0:15:05]} 7. e3 {[%clk 0:15:05]} b6 {[%clk 0:15:05]} 8. cxd5
{[%clk 0:15:05]} exd5 {[%clk 0:15:05]} 9. Rc1 {[%clk 0:15:05]} Bb7 {[%clk
0:15:05]} 10. Be2 {[%clk 0:15:05]} Nbd7 {[%clk 0:15:05]} 11. O-O {[%clk 0:15:05]}
a6 {[%clk 0:15:05]} 12. Rfd1 {[%clk 0:15:05]} Re8 {[%clk 0:15:05]} 13. Bf1 {[%clk
0:15:05]} Rc8 {[%clk 0:15:05]} 14. b4 {[%clk 0:15:05]} Ne4 {[%clk 0:15:05]} 15.
Nxe4 {[%clk 0:15:05]} dxe4 {[%clk 0:15:05]} 16. Ne1 {[%clk 0:15:05]} Re6 {[%clk
0:15:05]} 17. g3 {[%clk 0:15:05]} Qg5 {[%clk 0:15:05]} 18. Bg2 {[%clk 0:15:05]}
Kh8 {[%clk 0:15:05]} 19. a4 {[%clk 0:15:05]} Nf6 {[%clk 0:15:05]} 20. a5 {[%clk
0:15:05]} h5 {[%clk 0:15:05]} 21. axb6 {[%clk 0:15:05]} Rxb6 {[%clk 0:15:05]} 22.
Rc5 {[%clk 0:15:05]} Qg4 {[%clk 0:15:05]} 23. h3 {[%clk 0:15:05]} Qe6 {[%clk
0:15:05]} 24. Re5 {[%clk 0:15:05]} Qb3 {[%clk 0:15:05]} 25. Nc2 {[%clk 0:15:05]}
Rc6 {[%clk 0:15:05]} 26. Rc5 {[%clk 0:15:05]} Rd8 {[%clk 0:15:05]} 27. Na1 {[%clk
0:15:05]} Qe6 {[%clk 0:15:05]} 28. Re5 {[%clk 0:15:05]} Qxe5 {[%clk 0:15:05]} 29.
dxe5 {[%clk 0:15:05]} Rxd2 {[%clk 0:15:05]} 30. Rxd2 {[%clk 0:15:05]} Rc1+ {[%clk
0:15:05]} 31. Kh2 {[%clk 0:15:05]} Rxa1 {[%clk 0:15:05]} 32. exf6 {[%clk
0:15:05]} gxf6 {[%clk 0:15:05]} 33. g4 {[%clk 0:15:05]} hxg4 {[%clk 0:15:05]} 34.
hxg4 {[%clk 0:15:05]} Kg7 {[%clk 0:15:05]} 35. Kg3 {[%clk 0:15:05]} a5 {[%clk
0:15:05]} 36. bxa5 {[%clk 0:15:05]} Rxa5 {[%clk 0:15:05]} 37. Rc2 {[%clk
0:15:05]} c5 {[%clk 0:15:05]} 38. Kf4 {[%clk 0:15:05]} Rb5 {[%clk 0:15:05]} 39.
Bf1 {[%clk 0:15:05]} Ra5 {[%clk 0:15:05]} 40. Bc4 {[%clk 0:15:05]} Kg6 {[%clk
0:15:05]} 41. Rb2 {[%clk 0:15:05]} Ba6 {[%clk 0:15:05]} 42. Bd5 {[%clk 0:15:05]}
Ra4 {[%clk 0:15:05]} 43. Rb6 {[%clk 0:15:05]} Kg7 {[%clk 0:15:05]} 44. Rd6 {[%clk
0:15:05]} Bc4 {[%clk 0:15:05]} 45. Bxe4 {[%clk 0:15:05]} Be6 {[%clk 0:15:05]} 46.
f3 {[%clk 0:15:05]} c4 {[%clk 0:15:05]} 47. Rc6 {[%clk 0:15:05]} Ra3 {[%clk
0:15:05]} 48. Rc7 {[%clk 0:15:05]} c3 {[%clk 0:15:05]} 49. Bc2 {[%clk 0:15:05]}
Bd5 {[%clk 0:15:05]} 50. e4 {[%clk 0:15:05]} Be6 {[%clk 0:15:05]} 51. Ke3 {[%clk
0:15:05]} Kg6 {[%clk 0:15:05]} 52. Rc5 {[%clk 0:15:05]} Bd7 {[%clk 0:15:05]} 53.
Kf4 {[%clk 0:15:05]} Be6 {[%clk 0:15:05]} 54. Kg3 {[%clk 0:15:05]} Bd7 {[%clk
0:15:05]} 55. f4 {[%clk 0:15:05]} Ba4 {[%clk 0:15:05]} 56. Bxa4 {[%clk 0:15:05]}
c2+ {[%clk 0:15:05]} 57. Kf2 {[%clk 0:15:05]} Rxa4 {[%clk 0:15:05]} 58. Rxc2
{[%clk 0:15:05]} Rxe4 {[%clk 0:15:05]} 59. Kf3 {[%clk 0:15:05]} Ra4 {[%clk
0:15:05]} 60. Rc6 {[%clk 0:15:05]} Ra3+ {[%clk 0:15:05]} 61. Kg2 {[%clk 0:15:05]}
Ra4 {[%clk 0:15:05]} 62. Kg3 {[%clk 0:15:05]} Kg7 {[%clk 0:15:05]} 63. Rc5 {[%clk
0:15:05]} Rb4 {[%clk 0:15:05]} 64. Rc3 {[%clk 0:15:05]} Ra4 {[%clk 0:15:05]} 65.
Kf3 {[%clk 0:15:05]} Rb4 {[%clk 0:15:05]} 66. Rd3 {[%clk 0:15:05]} Ra4 {[%clk
0:15:05]} 67. Ke3 {[%clk 0:15:05]} Ra1 {[%clk 0:15:05]} 68. Ke4 {[%clk 0:15:05]}
Rg1 {[%clk 0:15:05]} 69. Kf5 {[%clk 0:15:05]} Ra1 {[%clk 0:15:05]} 70. Rd5 {[%clk
0:15:05]} Ra4 {[%clk 0:15:05]} 71. Rb5 {[%clk 0:15:05]} Rc4 {[%clk 0:15:05]} 72.
Rb3 {[%clk 0:15:05]} Ra4 {[%clk 0:15:05]} 73. Rg3 {[%clk 0:15:05]} Ra5+ {[%clk
0:15:05]} 74. Ke4 {[%clk 0:15:05]} Ra4+ {[%clk 0:15:05]} 75. Kf3 {[%clk 0:15:05]}
Kg6 {[%clk 0:15:05]} 76. Rg1 {[%clk 0:15:05]} Rb4 {[%clk 0:15:05]} 77. Ra1 {[%clk
0:15:05]} Rb3+ {[%clk 0:15:05]} 78. Kg2 {[%clk 0:15:05]} Rb4 {[%clk 0:15:05]} 79.
Kg3 {[%clk 0:15:05]} Rc4 {[%clk 0:15:05]} 80. Ra6 {[%clk 0:15:05]} Kg7 {[%clk
0:15:05]} 81. f5 {[%clk 0:15:05]} Rc1 {[%clk 0:15:05]} 82. Ra7 {[%clk 0:15:05]}
Rg1+ {[%clk 0:15:05]} 83. Kf3 {[%clk 0:15:05]} Rf1+ {[%clk 0:15:05]} 84. Kg2
{[%clk 0:15:05]} Rf4 {[%clk 0:15:05]} 85. Kg3 {[%clk 0:15:05]} Rf1 {[%clk
0:15:05]} 86. Ra2 {[%clk 0:15:05]} Rb1 {[%clk 0:15:05]} 87. Rh2 {[%clk 0:15:05]}
Rb3+ {[%clk 0:15:05]} 88. Kh4 {[%clk 0:15:05]} Rb4 {[%clk 0:15:05]} 89. Kh5
{[%clk 0:15:05]} Rf4 {[%clk 0:15:05]} 90. Rg2 {[%clk 0:15:05]} Rf1 {[%clk
0:15:05]} 91. Kh4 {[%clk 0:15:05]} Kh6 {[%clk 0:15:05]} 92. Rh2 {[%clk 0:15:05]}
Rg1 {[%clk 0:15:05]} 93. Rh3 {[%clk 0:15:05]} Kg7 {[%clk 0:15:05]} 94. Kh5 {[%clk
0:15:05]} Rg2 {[%clk 0:15:05]} 95. Rh1 {[%clk 0:15:05]} Rg3 {[%clk 0:15:05]} 96.
Kh4 {[%clk 0:15:05]} Rg2 {[%clk 0:15:05]} 97. Ra1 {[%clk 0:15:05]} Rb2 {[%clk
0:15:05]} 98. Ra8 {[%clk 0:15:05]} Rb4 {[%clk 0:15:05]} 99. Re8 {[%clk 0:15:05]}
Ra4 {[%clk 0:15:05]} 100. Kg3 {[%clk 0:15:05]} Rb4 {[%clk 0:15:05]} 101. Kf3
{[%clk 0:15:05]} Ra4 {[%clk 0:15:05]} 102. Re1 {[%clk 0:15:05]} Rb4 {[%clk
0:15:05]} 103. Rg1 {[%clk 0:15:05]} Rb5 {[%clk 0:15:05]} 104. Ke4 {[%clk
0:15:05]} Rb4+ {[%clk 0:15:05]} 105. Kd5 {[%clk 0:15:05]} Rf4 {[%clk 0:15:05]}
106. Kd6 {[%clk 0:15:05]} Re4 {[%clk 0:15:05]} 107. Kd5 {[%clk 0:15:05]} Re2
{[%clk 0:15:05]} 108. Rh1 {[%clk 0:15:05]} Rg2 {[%clk 0:15:05]} 109. Rh4 {[%clk
0:15:05]} Re2 {[%clk 0:15:05]} 110. Kd4 {[%clk 0:15:05]} 1/2-1/2

[Event "Campeonato de España Rapid 2017"]
[Site "Linares"]
[Date "2017.08.13"]
[Round "4"]
[White "Almagro Llamas, Pablo"]
[Black "Vega Gutierrez, Belinda"]
[Result "1-0"]
[Board "18"]
[WhiteTitle "IM"]
[WhiteElo "2446"]
[WhiteCountry "ESP"]
[WhiteFideId "2221799"]
[WhiteEloChange "2"]
[BlackTitle "WIM"]
[BlackElo "2146"]
[BlackCountry "ESP"]
[BlackFideId "2229994"]
[BlackEloChange "-3"]

1. d4 {[%clk 0:15:06]} d5 {[%clk 0:15:05]} 2. c4 {[%clk 0:15:08]} e6 {[%clk
0:15:06]} 3. Nc3 {[%clk 0:15:11]} Nf6 {[%clk 0:15:07]} 4. Bg5 {[%clk 0:15:09]}
Be7 {[%clk 0:15:06]} 5. e3 {[%clk 0:15:09]} h6 {[%clk 0:15:06]} 6. Bh4 {[%clk
0:15:05]} O-O {[%clk 0:15:06]} 7. Nf3 {[%clk 0:15:07]} b6 {[%clk 0:14:56]} 8. Qc2
{[%clk 0:14:46]} Bb7 {[%clk 0:14:23]} 9. Rd1 {[%clk 0:14:35]} Nbd7 {[%clk
0:11:27]} 10. cxd5 {[%clk 0:12:52]} exd5 {[%clk 0:11:19]} 11. Bd3 {[%clk
0:11:54]} Re8 {[%clk 0:10:22]} 12. O-O {[%clk 0:11:25]} Ne4 {[%clk 0:09:37]} 13.
Bg3 {[%clk 0:10:43]} Nxg3 {[%clk 0:08:19]} 14. hxg3 {[%clk 0:10:46]} Nf6 {[%clk
0:08:22]} 15. Ne5 {[%clk 0:10:06]} Bd6 {[%clk 0:07:43]} 16. f4 {[%clk 0:09:48]}
c5 {[%clk 0:07:30]} 17. Qf2 {[%clk 0:07:48]} a6 {[%clk 0:07:16]} 18. Qf3 {[%clk
0:06:32]} c4 {[%clk 0:06:28]} 19. Bxc4 {[%clk 0:05:43]} b5 {[%clk 0:05:27]} 20.
Bb3 {[%clk 0:05:04]} Rc8 {[%clk 0:04:35]} 21. Nxd5 {[%clk 0:04:02]} Bxd5 {[%clk
0:03:31]} 22. Bxd5 {[%clk 0:04:03]} Nxd5 {[%clk 0:02:09]} 23. Qxd5 {[%clk
0:04:05]} Bxe5 {[%clk 0:01:46]} 24. Qxd8 {[%clk 0:02:47]} Rexd8 {[%clk 0:01:49]}
25. fxe5 {[%clk 0:02:49]} Rc4 {[%clk 0:01:06]} 26. Rf2 {[%clk 0:02:29]} a5 {[%clk
0:01:04]} 27. Rfd2 {[%clk 0:02:25]} a4 {[%clk 0:01:06]} 28. Kf2 {[%clk 0:02:26]}
b4 {[%clk 0:01:04]} 29. Kf3 {[%clk 0:02:07]} Kf8 {[%clk 0:00:56]} 30. Ke4 {[%clk
0:01:50]} b3 {[%clk 0:00:55]} 31. axb3 {[%clk 0:01:45]} axb3 {[%clk 0:00:59]} 32.
Rd3 {[%clk 0:01:16]} Rc2 {[%clk 0:00:48]} 33. Rxb3 {[%clk 0:00:59]} Rxg2 {[%clk
0:00:46]} 34. Kf3 {[%clk 0:00:49]} Rc2 {[%clk 0:00:49]} 35. Rb7 {[%clk 0:00:50]}
g5 {[%clk 0:00:43]} 36. Kg4 {[%clk 0:00:48]} Re2 {[%clk 0:00:35]} 37. Rf1 {[%clk
0:00:45]} Rxe3 {[%clk 0:00:26]} 38. Rfxf7+ {[%clk 0:00:48]} Kg8 {[%clk 0:00:30]}
39. Rg7+ {[%clk 0:00:48]} Kh8 {[%clk 0:00:34]} 40. Rgd7 {[%clk 0:00:46]} Re4+
{[%clk 0:00:33]} 41. Kh5 {[%clk 0:00:50]} Rxd4 {[%clk 0:00:31]} 42. Rh7+ {[%clk
0:00:43]} Kg8 {[%clk 0:00:34]} 43. Kg6 {[%clk 0:00:44]} 1-0